000 00332nam a2200133Ia 4500
005 20260328104306.0
008 260328s9999||||xx |||||||||||||| ||und||
100 _aSendlinger, Claus
245 4 _aThe Design Hotels Yearbook 2007 /
_cClaus Sendlinger
260 _bGestalten
300 _a583 p.
650 _aHOTELES
942 _cBK
999 _c10780
_d10780